Οικολογική αρχιτεκτονική : βιοκλιματική αρχιτεκτονική, οικολογική δόμηση, γεωβιολογία, εσωτέρα αρχιτεκτονική
Αποθηκεύτηκε σε:
| Κύριος συγγραφέας: | |
|---|---|
| Άλλοι συγγραφείς: | |
| Μορφή: | Βιβλίο |
| Γλώσσα: | Greek |
| Δημοσίευση: |
[Αθήνα] :
Κέδρος,
c2005
|
| Θέματα: | |
| Ετικέτες: |
Προσθήκη ετικέτας
Δεν υπάρχουν, Καταχωρήστε ετικέτα πρώτοι!
|
MARC
| LEADER | 00000nam a2200000 i 4500 | ||
|---|---|---|---|
| 001 | 1/96902 | ||
| 008 | 081110s2005 gre d | ||
| 020 | |a 9789600427042 | ||
| 035 | |l 10101515 | ||
| 040 | |a GR-MY-UA |b gre |e aacr | ||
| 041 | 0 | |a gre | |
| 082 | 0 | |a 720.47 |2 (23) | |
| 100 | 1 | |a Τσίπηρας, Κώστας Στεφ. | |
| 245 | 1 | 0 | |a Οικολογική αρχιτεκτονική : |b βιοκλιματική αρχιτεκτονική, οικολογική δόμηση, γεωβιολογία, εσωτέρα αρχιτεκτονική / |c Κώστας Στεφ. Τσίπηρας, Θέμης Στεφ. Τσίπηρας |
| 260 | |a [Αθήνα] : |b Κέδρος, |c c2005 | ||
| 300 | |a 396 σ.; |b εικ. (μερικές έγχρ.); |c 24 εκ. | ||
| 650 | 0 | 0 | |a Architecture |x Environmental aspects. |
| 650 | 0 | 0 | |a Dwellings |x Energy conservation. |
| 650 | 0 | 0 | |a Organic architecture. |
| 700 | 1 | |a Τσίπηρας, Θέμης Στεφ. | |
| 852 | |a INST |b LEMNOS |c EUDOXUS |e 20171121 |h 720.47 ΤΣΙ |p 005600002618 |q 005600002618 |t BK |y 0 | ||
| 852 | |a INST |b SYROS |e 20081110 |h 720.47 ΤΣΙ |p 005500008927 |q 005500008927 |t BK |y 0 | ||
| 901 | |a BIBL5-2008-3 | ||
| 909 | |a Ε |b 140839 | ||
| 920 | |a Εύδοξος |b Παραγγελία |y Λήμνος-ΤΕΤΔ |z 2017-05 | ||
| 922 | |a 5ΕΛΗ |b 200711 |c ΕΠΕΑΕΚ2/ΤΜΣΠΣ |d Σ. ΠΑΤΑΚΗΣ | ||
| 970 | |a ΚΑΓΙΑΒΑ |b ΕΙΡΗΝΗ |z 2008/11/10 | ||